Urban-self
| Main Author: | |
|---|---|
| Other Authors: | |
| Format: | Book |
| Subjects: |
MARC
| LEADER | 00000cam a2200000 7i4500 | ||
|---|---|---|---|
| 001 | 0000001929 | ||
| 005 | 20050622.0 | ||
| 020 | |a 0873221251 | ||
| 040 | |a INS | ||
| 090 | 0 | 0 | |a HT151. |b G31813 1979 |
| 100 | 1 | |a Agger, Simona Ganassi | |
| 245 | 1 | 0 | |a Urban-self |c M.E. Sharpe, Simona Ganassi Agger |
| 300 | |a 235p | ||
| 650 | 0 | 0 | |a Urban self management |
| 700 | 1 | |a Sharpe, M.E. | |
| 999 | |a 0000001281 |b BOOK |c Open Shelf |e Default branch | ||